000 00500cam a2200193ua 4500
001 105
008 110318n ii |||gr||||Z||||||eng
020 _a81-7029-753-2
040 _cMAIN
082 _a005
245 _aUnix shell programming.
_cBy Yashvant P Kanetkar.
250 _a1st.
260 _aNew Delhi.:
_bBPB publications.,
_c2008.
300 _axv, 486 p.:
_bill.;6 cm.
653 _aComputer science.
653 _aUnix shell programming.
700 1 _aKanetkar, Yashvant P.,
942 _cBK
999 _c95
_d95